000 00579nam a2200193Ia 4500
005 20250508164904.0
008 008 250505s9999 xx 000 0 eng d
037 _aDissertations
040 _aFEDL
_beng
_cFEDL
041 _aeng
_2eng
084 _a371.4, SOO/DI
_qFEDL
100 _aSood Rashmi
_9779438
245 0 _aDevelopment of a training programme in guidance and counseling skills for teachers
260 _c2002
300 _a180p.
546 _aM.Ed. Dissertation (Delhi University)
942 _cDIS
_h371.4, SOO/DI
999 _c1391816
_d1391816